|
|
|
|
| LEADER |
00000naa2a2200000 4500 |
| 001 |
603992 |
| 005 |
20260205125352.0 |
| 035 |
|
|
|a (RuTPU)RU\TPU\conf\1240
|
| 035 |
|
|
|a RU\TPU\conf\1238
|
| 090 |
|
|
|a 603992
|
| 100 |
|
|
|a 20140213d2013 k y0rusy50 ca
|
| 101 |
0 |
|
|a rus
|
| 102 |
|
|
|a RU
|
| 135 |
|
|
|a drcn ---uucaa
|
| 181 |
|
0 |
|a i
|
| 182 |
|
0 |
|a b
|
| 200 |
1 |
|
|a Плазмодинамический синтез порошкообразных материалов в системе Ti-Si-N
|d Plasmodynamic synthesis of powdered materials in system Ti-Si-N
|f А. И. Усиков, Д. Ю. Герасимов, А. А. Евдокимов
|g науч. рук. А. А. Сивков
|
| 203 |
|
|
|a Текст
|c электронный
|
| 215 |
|
|
|a 1 файл(479 Кб)
|
| 225 |
1 |
|
|a Наноматериалы и нанотехнологии
|
| 300 |
|
|
|a Заглавие с экрана
|
| 320 |
|
|
|a [Библиогр.: с. 959 (2 назв.)]
|
| 330 |
|
|
|a This paper shows the plasmodynamic synthesis of powders in the system Ti-Si-N at hypersonic jet electric discharge plasma.. Just found that the synthesized powder material are nanodispersed. Phase composition presented cubic titanium nitride (cTiN) and titanium silicide (Ti5Si3). In addition the method of electron diffraction established the presence of gamma-phase silicon nitride (γ-Si3N4).
|
| 337 |
|
|
|a Adobe Reader
|
| 463 |
|
1 |
|0 (RuTPU)RU\TPU\conf\715
|t Перспективы развития фундаментальных наук
|l Prospects of fundamental sciences development
|o сборник научных трудов X Международной конференция студентов и молодых ученых, г. Томск, 23-26 апреля 2013 г.
|f Национальный исследовательский Томский политехнический университет (ТПУ) ; ред. коллегия Е. А. Вайтулевич ; Г. А. Лямина ; Г. А. Воронова ; М. Е. Семенов ; А. В. Устинов ; Н. С. Пушилина
|v [С. 957-959]
|d 2013
|
| 510 |
1 |
|
|a Plasmodynamic synthesis of powdered materials in system Ti-Si-N
|z eng
|
| 610 |
1 |
|
|a электронный ресурс
|
| 610 |
1 |
|
|a труды учёных ТПУ
|
| 610 |
1 |
|
|a плазмодинамический синтез
|
| 610 |
1 |
|
|a порошкообразные материалы
|
| 700 |
|
1 |
|a Усиков
|b А. И.
|c специалист в области электроснабжения промышленных предприятий
|c техник-проектировщик Томского политехнического университета
|f 1989-
|g Антон Иванович
|3 (RuTPU)RU\TPU\pers\29957
|
| 701 |
|
1 |
|a Герасимов
|b Д. Ю.
|c специалист в области электроэнергетики
|c доцент Томского политехнического университета, кандидат технических наук
|f 1980-
|g Дмитрий Юрьевич
|3 (RuTPU)RU\TPU\pers\26563
|9 12252
|
| 701 |
|
1 |
|a Евдокимов
|b А. А.
|c специалист в области электроэнергетики
|c лаборант Томского политехнического университета
|f 1987-
|g Андрей Анатольевич
|3 (RuTPU)RU\TPU\pers\27065
|
| 702 |
|
1 |
|a Сивков
|b А. А.
|c специалист в области электроэнергетики
|c профессор Томского политехнического университета, доктор технических наук
|f 1951-
|g Александр Анатольевич
|4 727
|
| 712 |
0 |
2 |
|a Национальный исследовательский Томский политехнический университет (ТПУ)
|b Энергетический институт (ЭНИН)
|b Кафедра электроснабжения промышленных предприятий (ЭПП)
|3 (RuTPU)RU\TPU\col\18676
|
| 801 |
|
1 |
|a RU
|b 63413507
|c 20101016
|
| 801 |
|
2 |
|a RU
|b 63413507
|c 20230324
|g RCR
|
| 856 |
4 |
|
|u http://www.lib.tpu.ru/fulltext/c/2013/C21/327.pdf
|
| 942 |
|
|
|c CF
|